000 00998cam a22002891a 4500
001 agr30001237
003 DLC
005 20260227110950.0
008 831027s1930 dcuad s f000 0 eng
010 _aagr30001237
035 _a(OCoLC)10063666
040 _aDLC
_cFDbER
_dDNAL
_dDLC
050 0 0 _aTP935
_b.H9
070 0 _a1
_bAg84C no.128
072 0 _aK510
100 1 _aHunt, George M.
_q(George McMonies),
_d1884-
245 1 0 _aEffectiveness of moisture-excluding coatings on wood /
_cby George M. Hunt.
260 _aWashington, D.C. :
_bU.S. Dept. of Agriculture,
_c1930.
300 _a28 p. :
_bill., charts ;
_c23 cm.
490 1 _aCircular / United States Department of Agriculture ;
_vno. 128
500 _aCaption title.
500 _aContribution from Forest Service
650 0 _aWood
_xPreservation.
650 0 _aWaterproofing.
740 0 _aEffectiveness of moisture excluding coatings on wood.
830 0 _aCircular (United States. Department of Agriculture) ;
_vno. 128.
999 _c9381
_d9381